000 00461nam a2200181Ia 4500
008 240925s9999 xx 000 0 und d
020 _a70691703
082 _a658.4 WEI
100 _aWeihrich, Harold; Koontz, Harold
245 0 _aManagement: a global perspective
250 _a10th
260 _aNew York:
_bMc Graw HIll
_c,1993.
300 _axxvii, 350p.
_bna
_fOriginal
500 _aNA
600 _aManagement
650 _aManagement
942 _cBK
999 _c12317
_d12317